Dictionary of computing

Bibliographic Details
Format: Book
Published: New York : Oxford University Press , 1985
Subjects:

MARC

LEADER 00000cam a2200000 7i4500
001 0000000454
002 000000534
005 20060314.0
020 |a 0195826426 
090 0 0 |a 001.6403   |b DIC 
245 0 0 |a Dictionary of computing 
260 |a New York :   |b Oxford University Press ,   |c 1985 
300 |a 393 p. ;   |c 24 cm. 
650 0 0 |a Computers   |x Dictionaries 
650 0 0 |a Electronic data processing   |x Dictionaries 
999 |a 0004403   |b BUKU   |c PINJAMAN   |e PERPUSTAKAAN KOMUNITI PETALING JAYA